The practice of management (Record no. 6117)
[ view plain ]
| 000 -LEADER | |
|---|---|
| fixed length control field | 00473cam a22001691 4500 |
| 005 - DATE AND TIME OF LATEST TRANSACTION | |
| control field | 20250901165556.0 |
| 008 - FIXED-LENGTH DATA ELEMENTS--GENERAL INFORMATION | |
| fixed length control field | 710521s1968 enk b 000 0 eng |
| 010 ## - LIBRARY OF CONGRESS CONTROL NUMBER | |
| LC control number | 68134886 |
| 020 ## - INTERNATIONAL STANDARD BOOK NUMBER | |
| International Standard Book Number | 0330020315 |
| 050 00 - LIBRARY OF CONGRESS CALL NUMBER | |
| Classification number | HD70.U5 D7 1968 |
| Item number | D7 1968 |
| 082 00 - DEWEY DECIMAL CLASSIFICATION NUMBER | |
| Classification number | 658 |
| 100 1# - MAIN ENTRY--PERSONAL NAME | |
| Personal name | Drucker, Peter F. |
| Fuller form of name | (Peter Ferdinand), |
| Dates associated with a name | 1909-2005. |
| 245 14 - TITLE STATEMENT | |
| Title | The practice of management |
| Statement of responsibility, etc. | [by] Peter F. Drucker. |
| 260 ## - PUBLICATION, DISTRIBUTION, ETC. | |
| Place of publication, distribution, etc. | London, |
| Name of publisher, distributor, etc. | Pan, |
| Date of publication, distribution, etc. | 1968. |
| 300 ## - PHYSICAL DESCRIPTION | |
| Extent | 479 p. |
| Dimensions | 18 cm. |
| 942 ## - ADDED ENTRY ELEMENTS (KOHA) | |
| Source of classification or shelving scheme | Dewey Decimal Classification |
| Withdrawn status | Lost status | Source of classification or shelving scheme | Damaged status | Not for loan | Home library | Current library | Shelving location | Date acquired | Total checkouts | Full call number | Barcode | Date last seen | Price effective from | Koha item type |
|---|---|---|---|---|---|---|---|---|---|---|---|---|---|---|
| Library of Congress Classification | Main Library | Main Library | 10/18/2023 | HD70.U5 D7 1968 | piu002033 | 10/18/2023 | 10/18/2023 | Books |